00685nab a2200205 uc450000100070000000500170000700800410002403500110006503500210007604000130009704100080011010000400011824500500015865000440020865000370025265000290028977301320031894200100045099900190046063715120240201161625.0001121 spa  a637151 a(OCoLC)819861471 ccomduadb aspa10aAyad, Christopher4auteaut933638010aOriente medio : un pluralismo caido del cielo aTelevision directa por satelite964762 aTelevisión y política928339 aPaíses árabes9546000 tEl Correo de la Unesco (París)gVol. 53, No. 01, Ene. (2000)/El Correo de la Unesco (Paris), p. 43-44w95870z0304310X092834 cARIMP c169602d169602